Economía internacional : (Registro nro. 32899)
[ vista simple ]
| 000 -CABECERA | |
|---|---|
| Longitud fija campo de control | 01125nam a2200289 a 4500 |
| 003 - • IDENTIFICADOR DELl NÚMERO DE CONTROL | |
| Identificador del número de control | CO-ViMGA |
| 005 - • FECHA Y HORA DE LA ÚLTIMA TRANSACCIÓN | |
| Fecha y hora de la última transacción | 20230915232050.0 |
| 008 - • CÓDIGOS DE INFORMACIÓN DE LONGITUD FIJA | |
| Códigos de información de longitud fija | 141112s2004 ck r 000 u spa d |
| 020 ## - • NÚMERO INTERNACIONAL NORMALIZADO PARA LIBROS | |
| Número Internacional Normalizado para Libros (ISBN) | 8478290802 |
| 040 ## - FUENTE DE LA CATALOGACIÓN | |
| Centro catalogador de origen | CO-ViMGA |
| Lengua de catalogación | spa |
| Centro transcriptor | CO-ViMGA |
| 041 ## - • CÓDIGO DE LENGUA | |
| Código de lengua del texto/banda sonora o título independiente | spa eng |
| 082 04 - • NÚMERO DE LA CLASIFICACIÓN DECIMAL DEWEY | |
| Número de clasificación (R) | 337 K78e |
| 100 1# - • PUNTO DE ACCESO PRINCIPAL-NOMBRE DE PERSONA | |
| Nombre de persona | Krugman, Paul R., 1953 - |
| 245 10 - • TITULO PROPIAMENTE DICHO | |
| Título | Economía internacional : |
| Resto del título | teoría y política / |
| Mención de responsabilidad, etc. | Paul Krugman, Maurice Obstfeld ; traducción Yago Moreno ; revisión técnica Rafael Martínez Cortiña. |
| 250 ## - • MENCIÓN DE EDICIÓN | |
| Mención de edición | 7a. ed Editor Alberto Cañizal. |
| 300 ## - • DESCRIPCIÓN FÍSICA | |
| Extensión | xxxiii, 742 p. : il. ; 26 cm. |
| 504 ## - • NOTA DE BIBLIOGRAFÍA, ETC | |
| Nota de bibliografía, etc. | Incluye bibliografías e índice. |
| 650 14 - • PUNTO DE ACCESO ADICIONAL DE MATERIA - TÉRMINO DE MATERIA | |
| Término de materia o nombre geográfico como elemento inicial | Economía internacional |
| 650 14 - • PUNTO DE ACCESO ADICIONAL DE MATERIA - TÉRMINO DE MATERIA | |
| Término de materia o nombre geográfico como elemento inicial | Economía política |
| 650 14 - • PUNTO DE ACCESO ADICIONAL DE MATERIA - TÉRMINO DE MATERIA | |
| Término de materia o nombre geográfico como elemento inicial | Teoría económica |
| 700 1# - • PUNTO DE ACCESO ADICIONAL - NOMBRE DE PERSONA | |
| Nombre de persona | Obstfeld, Maurice. |
| 852 ## - LOCALIZACIÓN | |
| -- | .908.96 |
| 942 ## - ENTRADA DE ELEMENTOS AGREGADOS (KOHA) | |
| Fuente de clasificaión o esquema | Dewey Decimal Classification |
| Koha [por defecto] tipo de item | LIbro |
| Perdido | Fuente de clasificación o esquema | Estado Físico | No para préstamo | Forma de adquisición | Localización permanente | Localización actual | Fecha adquisición | Serie de enumeración / cronolog&íacute;a | Préstamos totales | Signatura completa | Código de barras | Fecha última consulta | Fecha último préstamo | Número de copia | Fecha del precio de reemplazo | Tipo de item de Koha |
|---|---|---|---|---|---|---|---|---|---|---|---|---|---|---|---|---|
| Dewey Decimal Classification | Sala Especializada Tercer Piso | Biblioteca Pública Germán Arciniegas - Villavicencio | Biblioteca Pública Germán Arciniegas - Villavicencio | 12/04/2015 | 08/oct/2013 | 1 | 337 K78e | 26236 | 11/10/2017 | 08/15/2017 | Ej. 1 | 12/04/2015 | LIbro |